000 00753nam a2200253Ia 4500
003 OSt
005 20220925221953.0
006 a|||||r|||| 00| 0
007 ta
008 220923b |||||||| |||| 00| 0 eng d
037 _cGeneral Book
040 _aRTL
_cRTL
_beng
041 _2eng
_aeng
082 _aY7678D:3(Q), K5
100 _aGriaule Marcel
245 0 _aConversations with Ogotemmeli
_b An introduction to
260 _aLondon
_bOxford University Press
_c1965
300 _axviii,230p
_ccm.
490 _aInternational African Institute, Publication
500 _aBibliography: p 224-226
650 _aAfrican Society
942 _hY7678D:3(Q), K5
_cGB
_2CC
999 _c575789
_d575789